000 00852nam a2200289 a 4500
001 26378
003 CO-ViMGA
008 141112s2004 ck r 000 u spa d
015 _ack - 2010 - xxxx
020 _a9789584523556
040 _aCO-ViMGA
_bspa
_cCO-ViMGA
041 _aeng spa
043 _ae - uk - en
090 _aC WHYt
100 1 _aWhybrow, Ian
_93510
245 1 0 _aTito, Teo y los piratas /
_cIan Whybrow; ilustrado por Russell Ayto
250 _a1a. ed.
260 _aBogotá :
_bNorma,
_c2010
300 _a[25] p. : il. ; 24 cm
490 0 _aBuenas noches
598 _aNEW - GRAL
650 1 4 _aCuentos infantiles ingleses - Siglo XX
700 1 _aAyto, Russell, ilustrador il.
_93512
917 _a2010 - 3563 2 ejemplares
942 _2ddc
_cBK
990 _a2010 - 3563 Editorial Norma 2 ejemplares 21 10052010 a717787
999 _c9921
_d9921